¿Fenomenología experimental de la memoria? : la memoria autobiográfica entre el contexto y el significado /

Este artículo trata del desarrollo que ha seguido el estudio de la memoria autobiográfica a partir de sus primeras formulaciones. Los problemas de su conceptualización y las diferentes líneas de investigación que en la actualidad abordan el tema son objeto de esta revisión. Se propone que la psicolo...

Descripción completa

Detalles Bibliográficos
Autor principal: Solcoff, Karina
Formato: Analitica de revista
Lenguaje:español

MARC

LEADER 00000cab a2200000 a 4500
001 031979
003 UAHC_CL
005 20180604134709.0
008 040412b xx j 000 1 spa
952 |0 0  |1 0  |4 0  |6 ESTUD___PSICOL_2203_01_000000000000000  |7 0  |8 General  |9 62128  |a BC  |b BC  |c General  |d 2017-08-03  |l 0  |o ESTUD. PSICOL.-22(03)/01  |p FICTICIO2739  |r 2019-01-08 00:00:00  |t 1  |w 2017-08-03  |y REVA 
999 |c 31979  |d 31979 
040 |a UAHC_CL  |c UAHC_CL  |d UAHC_CL 
100 1 |a Solcoff, Karina 
245 1 0 |a ¿Fenomenología experimental de la memoria? :  |b la memoria autobiográfica entre el contexto y el significado /  |c Karina Solcoff. 
300 |a pp. 57-72 
500 |a Estudios de Psicología (España), 2001. Vol 22 (3). pp. 319-344 
520 |a Este artículo trata del desarrollo que ha seguido el estudio de la memoria autobiográfica a partir de sus primeras formulaciones. Los problemas de su conceptualización y las diferentes líneas de investigación que en la actualidad abordan el tema son objeto de esta revisión. Se propone que la psicología de la memoria ha llevado a cabo tres rescates en el curso de su preocupación por la memoria autobiográfica: el rescate del contexto real, el rescate de los componentes fenoménicos de la experiencia recolectiva y el rescate del significado en los actos de recuerdo. Se plantea que en base a la articulación de estos tres ejes las investigaciones sobre memoria autobiográfica adquieren un lugar propio en el panorama de la psicología de la memoria. 
773 0 |t Estudios de psicología.  |w 031866 
900 |a ESTUD. PSICOL.-22(03)/01 
942 |c REVA  |2 ddc